| 000 | 00694cam a22002534a 4500 | ||
|---|---|---|---|
| 999 |
_c140771 _d140771 |
||
| 003 | UPN | ||
| 005 | 20220610063459.0 | ||
| 008 | 090203s1994 es a r 000 0 spa d | ||
| 020 | _a8426107885 | ||
| 035 | _aUPN01000168665 | ||
| 040 |
_aUPN _bspa _cUPN |
||
| 049 | _aCG | ||
| 050 | 4 |
_aG464 _bM6.3 1994 |
|
| 100 | 1 |
_aMoitessier, Bernard, _d1925-1994 _943486 |
|
| 245 | 1 | 0 |
_aCabo de Hornos a la vela / _cBernard Moitessier ; tr. Manuel Pedreira. |
| 250 | _a3a ed. | ||
| 260 |
_aBarcelona, Esp. : _bJuventud, _c1994. |
||
| 300 |
_a317 p. : _bil. |
||
| 490 | 0 | _aViajes y aventura | |
| 650 | 0 |
_aViajes y travesÃas _911045 |
|
| 650 | 4 |
_aBARCOS _9743 |
|
| 905 | _aLibro | ||
| 942 |
_2lcc _cLIBRO |
||